[Event "21st European Teams Women"]
[Site "Hersonissos GRE"]
[Date "2017.10.31"]
[Round "4.10"]
[Board "2"]
[White "Machlik, Monika"]
[Black "Kaps, Darja"]
[Result "1/2-1/2"]
[BlackTitle "WGM"]
[WhiteElo "2037"]
[BlackElo "2196"]
[WhiteTeam "Norway"]
[BlackTeam "Slovenia"]
[WhiteFideId "1513621"]
[BlackFideId "14602334"]
[EventDate "2017.10.28"]

1. d4 Nf6 2. c4 c5 3. d5 e6 4. Nc3 exd5 5. cxd5 d6 6. e4 g6 7. f4 Bg7 8. Bb5+
Nfd7 9. a4 O-O 10. Nf3 Re8 11. O-O Na6 12. Re1 Nb4 13. h3 a6 14. Bf1 Nf6 15. e5
dxe5 16. fxe5 Nfxd5 17. Bg5 Qd7 18. Ne4 b6 19. Qd2 Bb7 20. a5 Qc7 21. axb6 Qxb6
22. Kh1 Re6 23. Rac1 Rc8 24. Bc4 h5 25. Rcd1 Qc6 26. Nd6 Rxd6 27. exd6 Qxd6 28.
Be7 Qf4 29. Qxf4 Nxf4 30. Kh2 Bxb2 31. Rd7 Bd5 32. Bxd5 Nfxd5 33. Bd6 Bf6 34.
Rf1 Ne3 35. Rc1 Nd3 36. Rb1 c4 37. Rbb7 Nf5 38. Ba3 Ne5 39. Nxe5 Bxe5+ 40. Kg1
c3 41. Bc1 Bg3 42. Rd1 Re8 43. Bg5 Nd4 44. Ra1 c2 45. Kf1 Re5 46. Bd2 Rf5+ 47.
Kg1 Kh7 48. Kh1 Ne2 49. Rb3 Be5 50. Re1 Ng3+ 51. Kg1 h4 52. Rf3 Bd4+ 53. Kh2 Bf2
54. Rc1 Ne4 55. Rxf5 gxf5 56. Rxc2 Bc5 57. Bf4 a5 58. Rc4 Kg6 59. Bc7 Bb4 60.
Rc6+ f6 61. Ra6 Nc5 62. Ra8 a4 63. Ba5 Ba3 64. Bb6 Nd7 65. Bc7 Bb2 66. Rxa4 Kg5
67. Kh1 Ne5 68. Ra8 Bd4 69. Rg8+ Ng6 70. Ra8 Be3 71. Ra3 f4 72. Ra5+ Kh6 73. Rf5
Kg7 74. Rd5 Kf7 75. Ba5 Ke6 76. Rd8 Bf2 77. Re8+ Kf5 78. Be1 Bg3 79. Kg1 Ne5 80.
Bxg3 fxg3 81. Kf1 Ng6 82. Ke2 Ne5 83. Ra8 Ng6 84. Ra4 Kg5 85. Ke3 f5 86. Ra5 Nf4
87. Kf3 Nd3 88. Ra1 Nf4 89. Rd1 Nh5 90. Rd8 Nf6 91. Ra8 Nh5 92. Rg8+ Kf6 93. Rh8
Kg6 94. Ra8 Kg5 95. Rg8+ Kf6 96. Rh8 Kg6 97. Ke3 Kg5 98. Rg8+ Kf6 99. Kf3 Ng7
100. Rh8 Kg5 101. Rg8 Kf6 102. Ra8 Kg5 103. Ra6 Nh5 104. Ra8 Nf4 105. Rg8+ Ng6
106. Ra8 Nf4 107. Rd8 Ng6 108. Ra8 Nf4 1/2-1/2

[Event "21st European Teams Women"]
[Site "Hersonissos GRE"]
[Date "2017.10.31"]
[Round "4.10"]
[Board "3"]
[White "Janzelj, Lara"]
[Black "Machlik, Edit"]
[Result "1-0"]
[WhiteTitle "WFM"]
[WhiteElo "2192"]
[BlackElo "2030"]
[WhiteTeam "Slovenia"]
[BlackTeam "Norway"]
[WhiteFideId "14608391"]
[BlackFideId "1513591"]
[EventDate "2017.10.28"]

1. d4 Nf6 2. c4 e6 3. Nf3 Bb4+ 4. Nbd2 d6 5. a3 Bxd2+ 6. Qxd2 Nbd7 7. g3 O-O 8.
Bg2 e5 9. dxe5 Nxe5 10. Nxe5 dxe5 11. Qc2 Qe7 12. O-O c6 13. Bd2 Rd8 14. Ba5 Re8
15. Rad1 Bg4 16. Rd2 Qe6 17. c5 Bf5 18. e4 Bh3 19. Rd6 Qc8 20. Rfd1 Bxg2 21.
Kxg2 Qg4 22. f3 Qg5 23. Bd8 Rb8 24. Qc3 h6 25. h4 Qg6 26. Qa5 Kh7 27. h5 Qxh5
28. Bxf6 gxf6 29. Rxf6 Rg8 30. Rdd6 Rbf8 31. Qd2 Rg5 32. Rxh6+ Qxh6 33. Rxh6+
Kxh6 34. Qd6+ Kg7 35. Qe7 Rg6 36. Qxe5+ f6 37. Qd6 Rf7 38. f4 a6 39. Kf3 Rh6 40.
e5 fxe5 41. Qxe5+ Kf8 42. f5 Rh1 43. Qb8+ Kg7 44. g4 Rf1+ 45. Kg2 Re1 46. Kg3
Re4 47. Qd6 Rf6 48. Qd3 Re5 49. Qc3 Rd5 50. g5 Rxf5 51. gxf6+ Rxf6 52. Kg4 Kg6
53. Qd3+ Kg7 54. Kg5 Rf7 55. Qg6+ Kf8 56. Qd6+ Kg7 57. Qd8 Kh7 58. Qe8 Kg7 59.
b4 Rf1 60. Qe5+ 1-0

[Event "21st European Teams Women"]
[Site "Hersonissos GRE"]
[Date "2017.10.31"]
[Round "4.10"]
[Board "4"]
[White "Kyrkjebo, Hanna B."]
[Black "Vidic, Teja"]
[Result "1/2-1/2"]
[BlackTitle "WFM"]
[WhiteElo "1996"]
[BlackElo "2159"]
[WhiteTeam "Norway"]
[BlackTeam "Slovenia"]
[WhiteFideId "1511599"]
[BlackFideId "14605511"]
[EventDate "2017.10.28"]

1. e4 c5 2. Nf3 e6 3. d3 Nc6 4. g3 g6 5. Bg2 Bg7 6. O-O Nge7 7. c3 O-O 8. Nbd2
e5 9. Re1 d6 10. a4 h6 11. Nc4 Be6 12. Rb1 f5 13. Ncd2 f4 14. b4 Qd7 15. Ba3 b6
16. d4 exd4 17. b5 Ne5 18. cxd4 cxd4 19. Nxd4 Ba2 20. Ra1 Nd3 21. Rf1 Bxd4 22.
Rxa2 Nc5 23. Nc4 Bg7 24. Qxd6 Qxd6 25. Nxd6 Rad8 26. Rd2 Nc8 27. Bxc5 bxc5 28.
Rfd1 Bd4 29. Nxc8 Rxc8 30. Bh3 Rce8 31. Re2 f3 32. Ree1 Bc3 33. Re3 Bd4 34. Ree1
Bc3 35. Re3 Bd4 36. Ree1 Bc3 1/2-1/2

[Event "21st European Teams Women"]
[Site "Hersonissos GRE"]
[Date "2017.10.31"]
[Round "4.11"]
[Board "1"]
[White "Repkova, Eva"]
[Black "Georgescu, Lena"]
[Result "0-1"]
[WhiteTitle "IM"]
[BlackTitle "WFM"]
[WhiteElo "2323"]
[BlackElo "2130"]
[WhiteTeam "Slovakia"]
[BlackTeam "Switzerland"]
[WhiteFideId "14900440"]
[BlackFideId "1331973"]
[EventDate "2017.10.28"]

1. b3 e5 2. Bb2 Nc6 3. c4 Nf6 4. Nf3 e4 5. Nd4 Bc5 6. e3 Bxd4 7. exd4 d5 8. d3
Bg4 9. f3 exf3 10. gxf3 Bf5 11. Na3 O-O 12. Qd2 Re8+ 13. Kd1 Qd7 14. Nc2 a5 15.
Rg1 Nb4 16. Nxb4 axb4 17. Qxb4 Re3 18. Qd2 Rae8 19. Bc1 Rxf3 20. Be2 Rf2 21. Qg5
Bg6 22. Be3 Rxh2 23. Rc1 Qe6 24. Rg3 h6 25. Qe5 Qa6 26. Qxc7 Qxa2 27. Rc2 Qb1+
28. Kd2 Rxe2+ 0-1

[Event "21st European Teams Women"]
[Site "Hersonissos GRE"]
[Date "2017.10.31"]
[Round "4.11"]
[Board "2"]
[White "Heinatz, Gundula"]
[Black "Cibickova, Zuzana"]
[Result "0-1"]
[WhiteTitle "WIM"]
[BlackTitle "WGM"]
[WhiteElo "2174"]
[BlackElo "2290"]
[WhiteTeam "Switzerland"]
[BlackTeam "Slovakia"]
[WhiteFideId "4612434"]
[BlackFideId "14905779"]
[EventDate "2017.10.28"]

1. d4 d5 2. Nf3 Nf6 3. c3 e6 4. Bg5 Nbd7 5. e3 Be7 6. Bd3 c5 7. Nbd2 O-O 8. O-O
b6 9. Ne5 Bb7 10. Qe2 Ne4 11. Bxe7 Qxe7 12. Nxd7 Qxd7 13. Nf3 Qe7 14. a4 a6 15.
Bxe4 dxe4 16. Ne5 Qc7 17. Rfd1 Rac8 18. h3 cxd4 19. exd4 f6 20. Ng4 f5 21. Ne5
f4 22. Qg4 Rf5 23. Rd2 Rcf8 24. Rad1 Qd8 25. h4 f3 26. Nc4 fxg2 27. Ne3 Rf4 28.
Qg5 Rxh4 29. Qxd8 Rxd8 30. Kxg2 Rh5 31. c4 Rg5+ 32. Kf1 Rf8 33. Ke2 Bc6 34. d5
Be8 35. Rf1 Bh5+ 36. Ke1 exd5 37. Nxd5 Re5 38. Rg1 g6 39. Rg3 Bf3 40. Ne3 Re6
41. Rd7 Rf7 42. Rd8+ Kg7 43. Nc2 h5 44. Nd4 Ref6 45. b4 Rc7 46. b5 axb5 47. cxb5
Ra7 48. Nc6 Rxa4 49. Rd7+ Kh6 50. Rb7 Rd6 0-1

[Event "21st European Teams Women"]
[Site "Hersonissos GRE"]
[Date "2017.10.31"]
[Round "4.11"]
[Board "3"]
[White "Vrbova, Niki"]
[Black "Stoeri, Laura"]
[Result "0-1"]
[WhiteTitle "WFM"]
[BlackTitle "WFM"]
[WhiteElo "2188"]
[BlackElo "2150"]
[WhiteTeam "Slovakia"]
[BlackTeam "Switzerland"]
[WhiteFideId "14906341"]
[BlackFideId "1304313"]
[EventDate "2017.10.28"]

1. e4 e5 2. Nf3 Nc6 3. Bc4 Bc5 4. c3 Nf6 5. d3 a6 6. a4 Ba7 7. O-O O-O 8. h3 d6
9. Re1 Kh8 10. Nbd2 Ng8 11. Nf1 f5 12. Be3 Qf6 13. Bxa7 Rxa7 14. exf5 Bxf5 15.
N3h2 Nge7 16. Qf3 Raa8 17. Ne3 Qg6 18. Nxf5 Rxf5 19. Qe2 Raf8 20. f3 Rf4 21. b4
Nf5 22. Bd5 Nd8 23. Be4 Qg5 24. Bxf5 R4xf5 25. Qe3 Qg6 26. Ra2 Ne6 27. Kh1 Nf4
28. d4 Rg5 29. Rg1 h5 30. Qf2 Nd3 31. Qe3 h4 32. Ng4 exd4 33. Qxd4 Nf4 34. Re1
Rd5 35. Qc4 Qf7 36. Qe4 Rf5 37. Rd2 b6 38. c4 Nh5 39. Kh2 Rf4 40. Qd5 Rxc4 41.
Re4 Rxe4 42. Qxf7 Rxf7 43. fxe4 Ng3 44. Rd1 Nxe4 45. Ne3 c5 46. bxc5 dxc5 47.
Rd5 Kg8 48. Nf5 c4 49. Ne3 c3 50. Rd4 Re7 51. Rc4 Nd2 52. Rc8+ Kh7 53. Nd5 Re1
54. Rxc3 Nf1+ 55. Kg1 Ne3+ 56. Kf2 Nxd5 0-1

[Event "21st European Teams Women"]
[Site "Hersonissos GRE"]
[Date "2017.10.31"]
[Round "4.11"]
[Board "4"]
[White "Heinatz, Maria"]
[Black "Motycakova, Monika"]
[Result "1/2-1/2"]
[BlackTitle "WFM"]
[WhiteElo "1955"]
[BlackElo "2143"]
[WhiteTeam "Switzerland"]
[BlackTeam "Slovakia"]
[WhiteFideId "1312073"]
[BlackFideId "14909626"]
[EventDate "2017.10.28"]

1. e4 c5 2. Nf3 d6 3. Bb5+ Nd7 4. O-O a6 5. Bd3 Ngf6 6. Re1 e6 7. c3 b5 8. Bc2
c4 9. d3 cxd3 10. Bxd3 Bb7 11. Nbd2 Be7 12. b4 O-O 13. Bb2 Nb6 14. Rc1 Rc8 15.
a3 Nc4 16. Nxc4 bxc4 17. Bc2 e5 18. Qe2 Nh5 19. g3 g6 20. Rcd1 Qb6 21. Bc1 Qc6
22. Bh6 Ng7 23. Rd2 f5 24. Ng5 Rf6 25. f3 Bd8 26. Kg2 Bb6 27. Nh3 Rcf8 28. Bg5
R6f7 29. Red1 Bc7 30. Re1 Bc8 31. Bh6 Rd8 32. Red1 Ne6 33. Rd5 Bb7 34. R5d2 Bb6
35. Be3 Bc7 36. Bh6 Rdd7 37. Bb1 a5 38. Ba2 fxe4 39. Qxc4 exf3+ 40. Kf2 Bb6+ 41.
Ke1 f2+ 42. Nxf2 Qg2 43. Qf1 Qxf1+ 44. Kxf1 d5 45. Ke1 axb4 46. axb4 Nc7 47. Ng4
Ba6 48. c4 Bd4 49. b5 Bb7 50. Re2 dxc4 51. Nxe5 Bc3+ 52. Bd2 Bxd2+ 53. Rdxd2
Rxd2 54. Kxd2 Re7 55. Bxc4+ Kg7 56. Nc6 Rd7+ 57. Kc3 Nxb5+ 58. Bxb5 Bxc6 59.
Bxc6 Rc7 60. Re6 Kf7 61. Rd6 Ke7 62. Rd7+ Rxd7 63. Bxd7 Kxd7 64. Kd3 Ke7 65. Ke4 1/2-1/2

[Event "21st European Teams Women"]
[Site "Hersonissos GRE"]
[Date "2017.10.31"]
[Round "4.12"]
[Board "1"]
[White "Stojkovska, Monika"]
[Black "Bulmaga, Irina"]
[Result "0-1"]
[WhiteTitle "WFM"]
[BlackTitle "IM"]
[WhiteElo "2088"]
[BlackElo "2423"]
[WhiteTeam "FYROM"]
[BlackTeam "Romania"]
[WhiteFideId "15002594"]
[BlackFideId "13903063"]
[EventDate "2017.10.28"]

1. e4 c5 2. Nf3 a6 3. d4 cxd4 4. Nxd4 Nf6 5. Nc3 e5 6. Nf3 Nc6 7. Bg5 Bb4 8. Be2
h6 9. Bxf6 Qxf6 10. O-O Bxc3 11. bxc3 d6 12. Nd2 Be6 13. Nc4 Rd8 14. Nb6 O-O 15.
Bc4 Bxc4 16. Nxc4 Ne7 17. Ne3 Qe6 18. c4 f5 19. f3 Qc8 20. Qd3 Qc5 21. Kh1 f4
22. Nd5 Nc6 23. Rab1 Rf7 24. c3 Na5 25. Nb6 Rc7 26. Rb4 Nc6 27. Rb3 Ne7 28. Rb4
Qc6 29. a4 Kh8 30. Rfb1 Ng6 31. Nd5 Rf7 32. Qf1 Nf8 33. Qf2 Ne6 34. Qb6 Qe8 35.
Qg1 Nc5 36. a5 Rc8 37. Nb6 Rc6 38. Rd1 Ne6 39. Rb2 Qd8 40. Rbd2 Nc5 41. Rd5 Qc7
42. Qf2 Kh7 43. h3 Rf6 44. R5d2 Rg6 45. Qh4 Rg5 46. Rb2 Qf7 47. Qf2 Rg3 48. Rbd2
Qf6 49. Nd5 Qh4 50. Qe2 Ne6 51. Rf1 Rc5 52. Ra2 Rc8 53. Rb2 Nc5 54. Rb6 Rd8 55.
Rd1 Ne6 56. Rf1 Ng5 57. Rf2 Rd7 58. Rb1 Rf7 59. Rb6 Rd7 60. Rb1 Qh5 61. Rb2 Qg6
62. Rb1 Qe6 63. Rd1 Rd8 64. Rb1 Rd7 65. Rd1 Qg6 66. Rb1 Ne6 67. Rd1 Nc5 68. Rb1
Qf7 69. Nb6 Re7 70. Qd2 Re6 71. Nc8 Qf8 72. Nb6 Reg6 73. Rd1 Qd8 74. Rb1 Qh4 75.
Qe2 Ne6 76. Nd5 Ng5 77. Rd1 Qh5 78. Ne7 Nxh3 79. gxh3 Rxh3+ 80. Rh2 Rxh2+ 81.
Qxh2 Qxf3+ 0-1

[Event "21st European Teams Women"]
[Site "Hersonissos GRE"]
[Date "2017.10.31"]
[Round "4.12"]
[Board "2"]
[White "Peptan, Corina-Isabela"]
[Black "Nikolovska, Dragana"]
[Result "1-0"]
[WhiteTitle "IM"]
[WhiteElo "2399"]
[BlackElo "1854"]
[WhiteTeam "Romania"]
[BlackTeam "FYROM"]
[WhiteFideId "1201930"]
[BlackFideId "15000133"]
[EventDate "2017.10.28"]

1. d4 Nf6 2. Nf3 c5 3. d5 e6 4. Nc3 exd5 5. Nxd5 Nxd5 6. Qxd5 Be7 7. Bf4 Nc6 8.
O-O-O O-O 9. a3 Qb6 10. Bd6 Bxd6 11. Qxd6 Qa5 12. e3 b6 13. Bc4 b5 14. Bd3 Re8
15. Qxc5 Ba6 16. Bf5 Nd8 17. Bxd7 Rf8 18. Ng5 Nb7 19. Qf5 g6 20. Qe5 b4 21. Qxa5
Nxa5 22. axb4 1-0

[Event "21st European Teams Women"]
[Site "Hersonissos GRE"]
[Date "2017.10.31"]
[Round "4.12"]
[Board "3"]
[White "Bejatovic, Bojana"]
[Black "L'Ami, Alina"]
[Result "0-1"]
[BlackTitle "IM"]
[WhiteElo "2035"]
[BlackElo "2286"]
[WhiteTeam "FYROM"]
[BlackTeam "Romania"]
[WhiteFideId "15000141"]
[BlackFideId "1210246"]
[EventDate "2017.10.28"]

1. d4 Nf6 2. Nf3 g6 3. Bg5 Bg7 4. Nbd2 O-O 5. c3 d6 6. e4 h6 7. Bh4 Qe8 8. Bc4
e5 9. dxe5 dxe5 10. O-O Nbd7 11. b4 a5 12. a3 Nb6 13. Bb3 a4 14. Ba2 Be6 15. Re1
Rc8 16. Nf1 c5 17. Qd2 Bxa2 18. Bxf6 Bb3 19. Bxg7 Kxg7 20. Ne3 Qe6 21. h3 Rfd8
22. Qc1 cxb4 23. Ng4 Rh8 24. axb4 f6 25. Nd2 Qc6 26. Nxb3 axb3 27. Ra7 Nc4 28.
Ne3 Qb6 29. Ra4 Qb5 30. Ra7 Ra8 31. Rxa8 Rxa8 32. Nxc4 Qxc4 33. Rd1 Qxe4 34.
Rd7+ Kg8 35. Qxh6 Ra1+ 36. Kh2 Qf4+ 37. Qxf4 exf4 38. Rd2 Rc1 39. Rb2 Rxc3 40.
Kg1 Kf7 41. Kf1 Ke6 42. Ke2 Rc2+ 43. Rxc2 bxc2 44. Kd2 Kd5 45. Kxc2 Kc4 46. h4
f5 47. Kd2 Kxb4 48. Ke2 Kc4 49. Kf3 b5 50. Kxf4 b4 51. Kg5 b3 52. Kxg6 b2 53. h5
b1=Q 54. h6 f4+ 55. Kg7 Qb7+ 0-1

[Event "21st European Teams Women"]
[Site "Hersonissos GRE"]
[Date "2017.10.31"]
[Round "4.12"]
[Board "4"]
[White "Sandu, Mihaela"]
[Black "Koskoska, Gabriela"]
[Result "1-0"]
[WhiteTitle "WGM"]
[BlackTitle "WIM"]
[WhiteElo "2278"]
[BlackElo "2018"]
[WhiteTeam "Romania"]
[BlackTeam "FYROM"]
[WhiteFideId "1204327"]
[BlackFideId "15000630"]
[EventDate "2017.10.28"]

1. e4 d5 2. exd5 Qxd5 3. Nc3 Qd8 4. d4 c6 5. Bc4 Bf5 6. Nf3 e6 7. Qe2 Be7 8. Ne4
Nd7 9. Ng3 Bg6 10. c3 Ngf6 11. Ne5 Nxe5 12. dxe5 Nd5 13. O-O Qc7 14. Re1 Rd8 15.
a4 h5 16. h3 h4 17. Nf1 Bh5 18. Qe4 Bg6 19. Qg4 Kf8 20. Nh2 Nb6 21. Bxe6 Bh5 22.
Qf5 Bg6 23. Qf3 Rd3 24. Qg4 Rh5 25. Nf3 Rxf3 26. Qxf3 Rxe5 27. Bf4 Rxe1+ 28.
Rxe1 Bd6 29. Bxd6+ Qxd6 30. Bb3 Qd2 31. Rd1 Qxb2 32. Qf4 Nd5 33. Qd6+ Kg8 34.
Qd8+ Kh7 35. Qxh4+ Kg8 36. Bxd5 cxd5 37. Rxd5 f6 38. Rd8+ Kf7 39. Qc4+ Ke7 40.
Qc7+ Ke6 41. Rd6+ Kf5 42. Qc5+ 1-0

[Event "21st European Teams Women"]
[Site "Hersonissos GRE"]
[Date "2017.10.31"]
[Round "4.13"]
[Board "1"]
[White "Rapport, Jovana"]
[Black "Nazarova, Anastasia"]
[Result "1/2-1/2"]
[WhiteTitle "WGM"]
[BlackTitle "WCM"]
[WhiteElo "2327"]
[BlackElo "1997"]
[WhiteTeam "Serbia"]
[BlackTeam "Finland"]
[WhiteFideId "937266"]
[BlackFideId "34101737"]
[EventDate "2017.10.28"]

1. Nf3 d5 2. b3 Nf6 3. Bb2 e6 4. c4 Be7 5. e3 O-O 6. Be2 b6 7. O-O Bb7 8. Nc3 c5
9. cxd5 Nxd5 10. d4 Nxc3 11. Bxc3 Nc6 12. dxc5 Bxc5 13. Qc2 Qe7 14. Rad1 Rfd8
15. Bd3 h6 16. Qb2 Ba3 17. Qa1 Nb4 18. Be2 Nc2 19. Qb1 Be4 20. Rd2 Rac8 21. Qd1
Rxd2 22. Bxd2 Rd8 23. Ne1 Nb4 24. Bxb4 Bxb4 25. Qa1 Rd2 26. Bf3 Bg6 27. a4 Qc5
28. Bd1 Bc3 29. Qc1 Ra2 30. e4 Ra1 31. Qc2 Bxe4 32. Qxe4 Rxd1 33. Nf3 Rxf1+ 34.
Kxf1 a5 35. g3 g6 36. Kg2 Kg7 37. h3 Bf6 38. Qd3 Bc3 39. Qc2 Qb4 40. Ng1 Bf6 41.
Ne2 b5 42. axb5 Qxb5 43. Kh2 h5 44. h4 Qe5 45. Kg2 Qd5+ 46. Kg1 Qf3 47. Qc4 Qf5
48. Kg2 Qg4 49. Qc2 Qb4 50. Kh2 Qb6 51. Kg2 Qb7+ 52. Kg1 Qf3 53. Qc4 Qg4 54. Qd3
e5 55. Qe3 Qe6 56. Kh2 Qd5 57. Nc1 e4 58. Ne2 Qd3 59. Kg2 Qxe3 60. fxe3 Be5 61.
Kh3 Kf6 62. g4 hxg4+ 63. Kxg4 Ke6 64. h5 gxh5+ 65. Kxh5 Kd5 66. Kg5 f6+ 67. Kf5
Bb2 68. Ng3 Kc5 69. Kxe4 Kb4 70. Kd3 Kxb3 71. Ne4 a4 72. Nd2+ Kb4 73. Kc2 a3 74.
Ne4 Be5 75. Kb1 Kb3 76. Nc5+ Kc4 77. Nd7 Bb2 78. e4 Bd4 79. Ka2 Bb2 80. Nxf6 Kd4
81. Nd5 Kxe4 82. Nc3+ Bxc3 83. Kxa3 1/2-1/2

[Event "21st European Teams Women"]
[Site "Hersonissos GRE"]
[Date "2017.10.31"]
[Round "4.13"]
[Board "2"]
[White "Dannenberg, Alia"]
[Black "Eric, Jovana"]
[Result "0-1"]
[BlackTitle "WIM"]
[WhiteElo "1975"]
[BlackElo "2257"]
[WhiteTeam "Finland"]
[BlackTeam "Serbia"]
[WhiteFideId "504688"]
[BlackFideId "938238"]
[EventDate "2017.10.28"]

1. e4 c5 2. Nc3 Nc6 3. g3 g6 4. Bg2 Bg7 5. d3 d6 6. Be3 e6 7. Nge2 Nge7 8. Qd2
Nd4 9. Nd1 O-O 10. O-O Rb8 11. Nc1 b5 12. c3 Ndc6 13. Bh6 a5 14. Bxg7 Kxg7 15.
Ne3 e5 16. f4 f6 17. Ne2 Qb6 18. Kh1 b4 19. Rac1 Be6 20. Nd5 Qa7 21. d4 exd4 22.
Nxe7 Nxe7 23. cxd4 Bxa2 24. dxc5 dxc5 25. Qd6 Rbc8 26. e5 Qc7 27. Rfd1 Nf5 28.
Qd7+ Qxd7 29. Rxd7+ Rf7 30. Rxf7+ Bxf7 31. Bh3 Be6 32. g4 Ne3 33. exf6+ Kxf6 34.
g5+ Kf7 35. Bxe6+ Kxe6 36. Nd4+ Kd5 37. Nb5 c4 38. Re1 Ng4 39. Kg2 Kc5 40. h3
Kxb5 41. hxg4 c3 42. bxc3 bxc3 43. f5 c2 44. Rc1 Kb4 45. f6 Kb3 46. f7 Kb2 47.
Rf1 c1=Q 48. f8=Q Rxf8 49. Rxf8 Qxg5 0-1

[Event "21st European Teams Women"]
[Site "Hersonissos GRE"]
[Date "2017.10.31"]
[Round "4.13"]
[Board "3"]
[White "Injac, Teodora"]
[Black "Puuska, Heini"]
[Result "1/2-1/2"]
[WhiteTitle "WFM"]
[BlackTitle "WFM"]
[WhiteElo "2244"]
[BlackElo "1947"]
[WhiteTeam "Serbia"]
[BlackTeam "Finland"]
[WhiteFideId "932400"]
[BlackFideId "502324"]
[EventDate "2017.10.28"]

1. Nf3 Nf6 2. c4 e6 3. Nc3 Bb4 4. Qc2 c5 5. b3 Bxc3 6. Qxc3 d6 7. Bb2 e5 8. d3
Nc6 9. e3 Qa5 10. Qxa5 Nxa5 11. Be2 Nc6 12. O-O O-O 13. Rfd1 Re8 14. h3 b6 15.
Nd2 Bb7 16. g4 Rad8 17. a3 h6 18. b4 Ra8 19. Bf3 Re7 20. Bc3 Nd8 21. Be2 Rc8 22.
Rab1 d5 23. bxc5 d4 24. Bb2 bxc5 25. Nf1 Ne6 26. Ng3 g6 27. h4 Ng7 28. Bc1 Kh7
29. f4 exf4 30. exf4 Bc6 31. Bd2 Nfe8 32. Kf2 Nd6 33. Re1 Rce8 34. Bf3 Rxe1 35.
Rxe1 Rxe1 36. Bxe1 Bxf3 37. Kxf3 f5 38. g5 h5 39. Ne2 Ne6 40. Nc1 Kg7 41. Nb3
Nb7 42. Bg3 Kf7 43. Ke2 Ke8 44. Nd2 Nbd8 45. Nf3 Nc6 46. Kd2 Kd7 47. Kc2 Kc7 48.
Kb3 Kb6 49. Ka4 a6 50. Ng1 Ncd8 51. Be1 Nc6 52. Bd2 Kb7 53. Nf3 Kb6 54. Ng1 Kb7
55. Ne2 Kb6 56. Nc1 Kb7 57. Nb3 Kb6 58. Bc1 Nf8 59. Nd2 Ne6 60. Nf3 Kb7 61. Bd2
Kb6 62. Kb3 Kb7 63. Ng1 Kb6 64. Nh3 Kb7 65. Nf2 Kb6 66. Nd1 Na5+ 67. Kc2 Nb7 68.
Nb2 Kc6 69. Na4 Nf8 70. Kd1 Ne6 71. Ke2 Nf8 72. Kf3 Ne6 73. Kg3 Nf8 1/2-1/2

[Event "21st European Teams Women"]
[Site "Hersonissos GRE"]
[Date "2017.10.31"]
[Round "4.13"]
[Board "4"]
[White "Rinne, Heini"]
[Black "Gajcin, Marina"]
[Result "0-1"]
[BlackTitle "WFM"]
[WhiteElo "1765"]
[BlackElo "2135"]
[WhiteTeam "Finland"]
[BlackTeam "Serbia"]
[WhiteFideId "513423"]
[BlackFideId "949086"]
[EventDate "2017.10.28"]

1. d4 Nf6 2. c4 g6 3. Nc3 d5 4. cxd5 Nxd5 5. e4 Nxc3 6. bxc3 Bg7 7. Bg5 O-O 8.
Rc1 c5 9. d5 Qd6 10. Nf3 Nd7 11. Be2 e6 12. O-O Nb6 13. c4 Bd7 14. Qd2 e5 15.
Bh6 f6 16. Bxg7 Kxg7 17. Qe3 Nc8 18. Nd2 Ne7 19. f4 exf4 20. Rxf4 Rae8 21. Rcf1
Nf5 22. Qa3 Nd4 23. Bd1 a6 24. Nb3 Nxb3 25. Qxb3 b5 26. Bg4 bxc4 27. Qc2 Bxg4
28. Rxg4 g5 29. Qxc4 Re5 30. Rc1 Rc8 31. Rg3 Re7 32. Qc3 Kg6 33. Qd3 Qe5 34. Re3
c4 35. Qc3 Qd6 36. Qc2 Kg7 37. Qc3 Qb6 38. Kf1 Rce8 39. Rce1 Qc7 40. Kg1 Qc5 41.
Rf1 Qb6 42. Kh1 Rxe4 43. Ref3 Rf8 44. Rd1 Rd8 45. Rf5 h6 46. h3 Rd6 47. Qc2 Qe3
48. Rdf1 Qe2 49. Qb1 Re7 50. Qb8 Red7 51. Qc8 Rf7 52. Qc5 Rfd7 53. Qc8 Rf7 54.
Qc5 Rfd7 55. Qc8 Rd8 56. Qc7+ Kg6 57. Rxf6+ Rxf6 58. Rxf6+ Kxf6 59. Qxd8+ Qe7
60. Qh8+ Kg6 61. Qg8+ Kf6 62. Qh8+ Kg6 63. Qd4 Qe1+ 64. Kh2 c3 65. d6 Qd2 66.
Qe4+ Kf6 67. Qe7+ Kf5 68. Qh7+ Ke5 69. Qe7+ Kf4 70. d7 c2 71. Qf7+ Ke3 72. Qe7+
Kf2 73. Qc5+ Kf1 74. Qc4+ Ke1 0-1

[Event "21st European Teams Women"]
[Site "Hersonissos GRE"]
[Date "2017.10.31"]
[Round "4.14"]
[Board "1"]
[White "Makka, Ioulia"]
[Black "Houska, Jovanka"]
[Result "0-1"]
[WhiteTitle "WIM"]
[BlackTitle "IM"]
[WhiteElo "2182"]
[BlackElo "2393"]
[WhiteTeam "Greece 2"]
[BlackTeam "England"]
[WhiteFideId "4205316"]
[BlackFideId "405094"]
[EventDate "2017.10.28"]

1. e4 c6 2. d4 d5 3. Nc3 dxe4 4. Nxe4 Bf5 5. Ng3 Bg6 6. Nh3 Nf6 7. Nf4 e5 8.
Nxg6 hxg6 9. dxe5 Qa5+ 10. Bd2 Qxe5+ 11. Qe2 Nbd7 12. Qxe5+ Nxe5 13. f4 Ned7 14.
O-O-O O-O-O 15. h3 Bc5 16. Bd3 Rhe8 17. Bc4 Bf2 18. Nf1 Re7 19. Ba5 Rh8 20. Rh2
b5 21. Bb3 Nc5 22. g4 Bg1 23. Rg2 Nxb3+ 24. cxb3 Bb6 25. Bxb6 axb6 26. Rg3 Nd5
27. Rf3 f6 28. Nd2 Re3 29. Rxe3 Nxe3 30. Rh1 Nxg4 31. Rg1 Ne3 32. Rxg6 Rxh3 33.
Ne4 Nf5 34. Rg4 Rh1+ 35. Kd2 Rh2+ 36. Kc1 b4 37. Rg1 Rh3 38. Nd2 Kc7 39. a3 bxa3
40. bxa3 b5 41. Kb2 Rh2 42. Kc3 Kd6 43. a4 b4+ 44. Kd3 Kd5 45. a5 Rh3+ 46. Kc2
Nd4+ 47. Kb2 Rh2 48. Rd1 c5 49. Kc1 Kc6 50. Re1 Rxd2 0-1

[Event "21st European Teams Women"]
[Site "Hersonissos GRE"]
[Date "2017.10.31"]
[Round "4.14"]
[Board "2"]
[White "Ciuksyte, Dagne"]
[Black "Makka, Evanthia"]
[Result "0-1"]
[WhiteTitle "IM"]
[WhiteElo "2318"]
[BlackElo "2095"]
[WhiteTeam "England"]
[BlackTeam "Greece 2"]
[WhiteFideId "12800619"]
[BlackFideId "4207513"]
[EventDate "2017.10.28"]

1. e4 d5 2. exd5 Qxd5 3. Nc3 Qa5 4. d4 Nf6 5. Bc4 Bg4 6. f3 Bf5 7. Ne2 e6 8. Bd2
Qb6 9. O-O c6 10. Bf4 Be7 11. a4 a5 12. Ng3 Bxc2 13. Qd2 Bg6 14. Nge4 O-O 15.
Kh1 Na6 16. Be5 Rfd8 17. Bxf6 gxf6 18. Rad1 Nb4 19. h4 f5 20. Ng5 Bf6 21. Ne2
Nd5 22. Ng3 Qb4 23. Qc1 f4 24. Bxd5 fxg3 25. Be4 Rxd4 26. Qf4 Rxd1 27. Rxd1 Qxa4
28. Rb1 Qd4 29. Qxg3 Qe5 30. f4 Qd4 31. h5 Bxg5 32. Qxg5 Qxe4 0-1

[Event "21st European Teams Women"]
[Site "Hersonissos GRE"]
[Date "2017.10.31"]
[Round "4.14"]
[Board "3"]
[White "Skaraki, Antigoni"]
[Black "Maroroa, Sue"]
[Result "1/2-1/2"]
[BlackTitle "WIM"]
[WhiteElo "1992"]
[BlackElo "2077"]
[WhiteTeam "Greece 2"]
[BlackTeam "England"]
[WhiteFideId "4222970"]
[BlackFideId "4301498"]
[EventDate "2017.10.28"]

1. e4 e5 2. Nf3 Nc6 3. Bb5 a6 4. Ba4 Nf6 5. d3 d6 6. c3 g6 7. Nbd2 Bg7 8. Nf1
O-O 9. Ng3 b5 10. Bc2 d5 11. O-O dxe4 12. dxe4 Qe7 13. Qe2 Be6 14. Rd1 Rfd8 15.
Be3 Rxd1+ 16. Rxd1 Bc4 17. Bd3 Bxa2 18. Ra1 Qe6 19. b4 Bc4 20. Bxc4 bxc4 21. Nd2
Na7 22. Bxa7 Rxa7 23. Qxc4 Qb6 24. Ra5 Ne8 25. Ngf1 Nd6 26. Qd5 Qb7 27. Qd3 Ra8
28. h3 Nb5 29. Nb3 Qc6 30. c4 Nd6 31. Nc5 Nb7 32. Nxb7 Qxb7 33. Ra4 Bf8 34. b5
axb5 35. Rxa8 Qxa8 36. cxb5 Bc5 37. Qd7 Qxe4 38. Qd8+ Kg7 39. Qxc7 Qd4 40. Ne3
Qa1+ 41. Kh2 Qd4 42. g3 h5 43. h4 Kg8 44. Qc6 Bb6 45. Kg2 Ba7 46. Qd5 Kf8 47.
Qa8+ Kg7 48. Qd5 Kf8 49. Qa8+ Kg7 50. Qd5 1/2-1/2